| 000 | 00945cam a22003017a 4500 | ||
|---|---|---|---|
| 001 | 657948 | ||
| 003 | EG-ScBUE | ||
| 005 | 20220118115306.0 | ||
| 008 | 940224s2001 enk f 000 1 eng d | ||
| 020 | _a9780007111466 | ||
| 020 | _a0007111460 | ||
| 040 |
_aDLC _beng _erda _cDLC _dOCoLC _dDLC _dEG-ScBUE |
||
| 043 | _ae-uk-en | ||
| 082 | 0 | 4 |
_a823.912 _222 _bCHR |
| 100 | 1 |
_aChristie, Agatha, _d1890-1976, _eauthor. _940452 |
|
| 245 | 1 | 4 |
_aThe secret adversary / _cAgatha Christie. |
| 264 | 1 |
_aLondon : _bHarper Collins Publishers, _c2001. |
|
| 300 | v |
_a400 pages ; _c18 cm |
|
| 336 |
_2rdacontent _atext _btxt |
||
| 337 |
_2rdamedia _aunmediated _bn |
||
| 338 |
_2rdacarrier _avolume _bnc |
||
| 600 | 1 | 7 |
_aBeresford, Tommy _c(Fictitious character) _vFiction. _2BUEsh |
| 650 | 7 |
_aPrivate investigators _zEngland _vFiction. _2BUEsh |
|
| 653 |
_bHHUUEENN _cJanuary2021 |
||
| 655 |
_vReading book _934232 |
||
| 942 |
_2ddc _cBB |
||
| 999 |
_c10423 _d10423 |
||